| Tag |
First Indicator |
Second Indicator |
Subfields |
| LEADER |
00000cam a2200000 4500 |
| 001 |
in00000358607 |
| 005 |
20151011062000.0 |
| 008 |
730406s1972 quc b 00000 fre |
| 010 |
|
|
|a 72346536
|
| 035 |
|
|
|a (OCoLC)00598868
|
| 035 |
|
|
|9 ABM9399AM
|
| 040 |
|
|
|c DAY
|d TXA
|d UtOrBLW
|
| 049 |
|
|
|a TXAM
|c [1611278]
|
| 050 |
0 |
0 |
|a PQ2246.E5
|b D85
|
| 100 |
1 |
|
|a Duquette, Jean Pierre,
|d 1939-
|
| 245 |
1 |
0 |
|a Flaubert ;
|b ou L'architecture du vide /
|c une lecture de l'Education sentimentale.
|
| 264 |
|
1 |
|a Montreal :
|b Presses de l'Universite de Montreal,
|c 1972.
|
| 300 |
|
|
|a 186 pages ;
|c 22 cm.
|
| 336 |
|
|
|a text
|b txt
|2 rdacontent
|
| 337 |
|
|
|a unmediated
|b n
|2 rdamedia
|
| 338 |
|
|
|a volume
|b nc
|2 rdacarrier
|
| 504 |
|
|
|a Bibliography: pages [183]-186.
|
| 600 |
1 |
0 |
|a Flaubert, Gustave,
|d 1821-1880.
|t L'éducation sentimentale.
|
| 999 |
|
|
|a MARS
|
| 999 |
f |
f |
|s 935695ba-9754-3baa-9195-10419139e85b
|i 26ce295d-7a3c-30fe-a006-4c5dd02d4d16
|t 0
|
| 952 |
f |
f |
|p normal
|a Texas A&M University
|b College Station
|c Sterling C. Evans Library
|d Evans: Library Stacks
|t 0
|e PQ2246.E5 D85
|h Library of Congress classification
|i unmediated -- volume
|m A14803768549
|
| 998 |
f |
f |
|a PQ2246.E5 D85
|t 0
|l Evans: Library Stacks
|